| 000 | 00758nam a2200265Ia 4500 | ||
|---|---|---|---|
| 001 | Para_3859 | ||
| 003 | CHAP | ||
| 008 | 220125s1940 xx 000 0 und d | ||
| 010 | _a202380 | ||
| 040 | _cCHAP | ||
| 090 | _aPA FOLLETO 1083 | ||
| 100 |
_aVines, C. A _9119844 |
||
| 245 |
_a4-H Club manual in cotton production / _c C. A. Vines |
||
| 260 |
_aLittle Rock, Ark. : _b University of Arkansas |
||
| 300 | _a12 p. | ||
| 440 |
_aCollege of Agriculture University of Arkansas. Ext. circular;160 _9167539 |
||
| 650 |
_aAlgodón Clubes 4 _x5 _9167540 |
||
| 901 | _aPA FOLLETO 1083 | ||
| 902 | _aA | ||
| 905 | _a0000001940 LIT 0000000000 00 | ||
| 910 | _a1940 | ||
| 942 | _cPARA | ||
| 942 |
_cPARA _d1 |
||
| 999 |
_c202380 _d202380 |
||